Biblioteca y Centro de Documentación

Official statistics- A recognisable and enduring national resource (Registro nro. 35687)

Detalles MARC
000 -CABECERA
Longitud fija campo de control 00849naa a2200241 c 4500
001 - NÚMERO DE CONTROL
Número de control 35687
003 - IDENTIFICADOR DE NÚMERO DE CONTROL
Identificador del número de control ES-MaCES
005 - FECHA Y HORA DE LA ÚLTIMA TRANSACCIÓN
Fecha y hora de la última transacción 20051122103100.0
008 - CAMPO FIJO DE DESCRIPCIÓN FIJA--INFORMACIÓN GENERAL
Códigos de información de longitud fija   051122n2005 sz t 000 | eng d
035 ## - NÚMERO DE CONTROL DEL SISTEMA
Número de control del sistema CES20050011787v
040 ## - FUENTE DE CATALOGACIÓN
Centro catalogador de origen ES-MaCES
Lengua de catalogación spa
Centro transcriptor ES-MaCES
100 1# - ENCABEZAMIENTO PRINCIPAL--NOMBRE PERSONAL
Nombre de persona Pink, Brian
9 (RLIN) 21051
245 10 - MENCIÓN DE TÍTULO
Título Official statistics- A recognisable and enduring national resource
Mención de responsabilidad, etc. Brian Pink
500 ## - NOTA GENERAL
Nota general Resumen
650 #4 - ASIENTO SECUNDARIO DE MATERIA--TÉRMINO DE MATERIA
Término de materia o nombre geográfico como elemento inicial Nueva Zelanda
9 (RLIN) 27004
650 #4 - ASIENTO SECUNDARIO DE MATERIA--TÉRMINO DE MATERIA
Término de materia o nombre geográfico como elemento inicial fuentes estadísticas
9 (RLIN) 29537
650 #4 - ASIENTO SECUNDARIO DE MATERIA--TÉRMINO DE MATERIA
Término de materia o nombre geográfico como elemento inicial gobierno central
9 (RLIN) 27216
653 10 - TÉRMINO DE INDEXACIÓN--NO CONTROLADO
Término no controlado Estadísticas
773 0# - ENTRADA DE DOCUMENTO FUENTE
Título Statistical journal of the United Nations Economic Commission for Europe
Parte(s) relacionada(s) vol. 21, no. 3-4 (2004){10364 R. 062401}; p. 231- 239
Número de control del registro relacionado (ES-MaCES)25374
Itemnumber del ítem fuente 53882
902 ## - CES. TIPO DE DOCUMENTO
Tipodoc (006$c Sirtex) ART Artículo de revista
942 ## - ELEMENTOS KOHA
Fuente de clasificaión o esquema Clasificación propia del CES
Koha [por defecto] tipo de item Artículos (1982-2017)
Parte de clasificación 8.0.

No hay ítems disponibles.

© CES, Consejo Económico y Social de España 2021